000 00314nam a22001457a 4500
008 210519b ||||| |||| 00| 0 eng d
020 _a9780140116120
041 _aeng
080 _a82
082 _a82
100 _a21
101 _aGJL
245 _aPenfriends from Porlock
_cJohn Mortimer
942 _2udc
_cBK
999 _c57528
_d57528